| 000 | 00707nam a2200241 a 4500 | ||
|---|---|---|---|
| 001 | 49981 | ||
| 003 | BD-RjUL | ||
| 005 | 20211209075435.0 | ||
| 008 | 160823s1952 enk b 00110 eng d | ||
| 035 | _a(BD-RjUL)50101 | ||
| 040 |
_aBD-RjUL _cXCC _beng _dBD-RjUL |
||
| 041 | _aeng | ||
| 082 | 0 |
_a370.15 _219 _bISC 1952 |
|
| 100 | 1 |
_aIsaacs, Susan _9149533 |
|
| 245 | 1 | 4 |
_aThe children we teach : _bseven to eleven years / _cSusan Isaacs. |
| 260 |
_aLondon : _bUniversity of London Press, _c[1952] |
||
| 300 |
_a176 p. ; _c19 cm. |
||
| 500 | _aIncludes index. | ||
| 504 | _aBibliography: p. 174-175. | ||
| 650 | 0 |
_aChild psychology. _9124587 |
|
| 650 | 0 |
_aEducational psychology. _9149789 |
|
| 942 |
_2ddc _cBK |
||
| 999 |
_c49981 _d49981 |
||